Commentariorum de Bello Gallico Libri VII. (Registro nro. 38583)

Detalles MARC
000 -ENCABEZADO
Número de control [NR] 02815nam a2200337Ia 4500
005 - FECHA Y HORA DE LA ÚLTIMA TRANSACCIÓN
control field 20190611141937.0
008 - DE LONGITUD FIJA DE DATOS DE ELEMENTOS - INFORMACIÓN GENERAL
Elementos de longitud fija [NR] 130821s1494 it a fr mulsd
040 ## - FUENTE DE CATALOGACION [NR]
Agencia de catalogación original [NR] Co-BoUCM
Idioma de catalogación [NR] spa
Quien Cataloga Sandra Yazo
Quien Clasifica Sandra Yazo
041 0# - CODIGO DE IDIOMA [R]
Código de idioma para texto/pista de sonido o título separado [R] Latín
-- Griego
082 04 - NUMERO DE CLASIFICACION DECIMAL DEWEY [R]
Número de clasificación [R] 937
Número de la edición [NR] 20
092 ## - SIGNATURA TOPOGRAFICA LOCAL
Número de clasificación local E22N028
242 00 - TRADUCCION DEL TITULO POR LA AGENCIA CATALOGADORA [R]
Título [NR] Siete libros de Comentarios sobre la Guerra de las Galias.
Parte restante del título [NR] Tres libros de comentarios sobre la Guerra Civil.
Nombre de la parte o sección [R] Libro Cuarto de comentarios sobre la Guerra de Alejandría. Libro Quinto de comentarios sobre la guerra de África. Libro Sexto de comentarios sobre la guerra en España de Aulo Hircio
Código de idioma del título traducido [NR] spa
245 00 - MENCION DE TITULO [NR]
Título [NR] Commentariorum de Bello Gallico Libri VII.
Parte restante del título [NR] De Bello Civili Libri III.
Nombre de la parte/sección de la obra [R] Commentariorum A. Hirtii Autopii. De Bello Alexandrino liber quartus. De Bello Africo. Liber quintus. De Bello Hispaniensi Liber sextus
260 ## - PUBLICACION, DISTRIBUCION, ETC. (PIE DE IMPRENTA) [R]
Lugar de publicación, distribución, etc. [R] Venetiis [Venecia] (Italia)
Nombre del editor, distribuidor, etc. [R] per Philippum de Pinciis Mantuanum [por Felipe Pinzzi Impresor natural de Mantua]
Fecha de publicación, distribución, etc. [R] 1494
300 ## - DESCRIPCION FISICA [R]
Extensión [R] [133] folios
Otros detalles físicos [NR] ilustraciones
500 ## - NOTA GENERAL [R]
Nota general [NR] Detalles físicos: Actualmente encuadernación rígida en cartón forrado en cuero. Tapas y lomo con decoración en dorado. Lomo con nervadura sobre costura. Texto impreso en una sola columna, en letra romana. Mayúsculas capitales decoradas. Apostillas marginales, glosas y comentarios manuscritos. Hojas refiladas, evidente pérdida de las glosas. Con colofón. Signaturas. Registro. Al final un grabado pintado. En primera página título indica Commentarius Caesaris, al inicio del texto indica otro título: Liber primus Civilii caesaris commentariorum de bello Gallico liber primus, también hay una mayúscula capital impreso en tinta roja. Intervención de restaruración por John Jairo Martínez (6 junio de 2019)
500 ## - NOTA GENERAL [R]
Nota general [NR] Datos de públicación tomados del colofón
500 ## - NOTA GENERAL [R]
Nota general [NR] Incunable
505 0# - NOTA DE CONTENIDO CON FORMATO PREESTABLECIDO [R]
Nota de contenido con formato preestablecido [NR] Comentarios de C. Julio César sobre las Guerras de las Galias en siete libros y la Guerra Civil en tres libros. -- Comentarios de Aulo Hircio ; Comentarios a la Guerra de Alejandría (Libro IV) ; Comentarios a la Guerra de África (Libro V) ; Comentarios Sobre la guerra de España (Libro VI) -- Un índice final con elementos históricos y geográficos sobre los lugares citados en las obras anteriores
506 ## - NOTA DE RESTRICCIONES DE ACCESO [R]
Condiciones de acceso [NR] Consulta en sala
546 ## - NOTA DE IDIOMA [R]
Nota de idioma [NR] Texto en latín y griego
650 #7 - ASIENTO SECUNDARIO DE MATERIA - TERMINO TEMATICO [R]
Término temático o nombre geográfico como elemento de entrada [NR] Historiografía
Subdivisión general [R] Historia
Subdivisión geográfica [R] Roma
9 (RLIN) 7698
651 #4 - ASIENTO SECUNDARIO DE MATERIA - NOMBRE GEOGRAFICO [R]
Nombre geográfico [NR] Galia (Italia)
Subdivisión general [R] Historia
Subdivisión cronológica [R] 58-51 a.C.
9 (RLIN) 61338
651 #4 - ASIENTO SECUNDARIO DE MATERIA - NOMBRE GEOGRAFICO [R]
Nombre geográfico [NR] Roma (Italia)
Subdivisión general [R] Historia
9 (RLIN) 26698
690 ## - ASUNTO AGREGADO LOCAL DE ENTRADA - TÉRMINO TEMÁTICO (OCLC, RLIN)
Acceso temático local Historia de Europa
9 (RLIN) 26509
700 1# - ASIENTO SECUNDARIO - NOMBRE PERSONAL [R]
Nombre personal [NR] César, Cayo Julio
Fechas asociadas con el nombre [NR] 100?-44 a. de J. C.
9 (RLIN) 61339
700 1# - ASIENTO SECUNDARIO - NOMBRE PERSONAL [R]
Nombre personal [NR] Hirtius, Aulus
9 (RLIN) 61340
730 02 - ASIENTO SECUNDARIO - TITULO UNIFORME [R]
Título uniforme [NR] Caii Iulii Caesaris Commentariorum
9 (RLIN) 61341
856 41 - LOCALIZACION Y ACCESO ELECTRONICOS [R]
Nota dirigida al público [R] Disponible en línea
Identificador Uniforme del Recurso (“URI”) [R] <a href="http://repository.urosario.edu.co/handle/10336/5135">http://repository.urosario.edu.co/handle/10336/5135</a>
942 ## - ELEMENTOS DE ENTRADA AGREGADOS (KOHA)
Tipo de ítem principal el descrito en 300a Libro
Tema principal 21
Edición 1
Sistema de clasificación LOCAL
Clasificación E22N028
Existencias
Suprimido Perdido Sistema de clasificación Dañado No prestable Tipo de ítem específico Ubicación habitual Ubicación actual Localización Fecha de creación Forma de adquisición Costo Total préstamos Signatura topográfica Código de barras Última vez visto Ejemplar Price effective from Tipo de ítem
    LOCAL     Libro archivo Archivo Histórico Archivo Histórico Archivo histórico 28/02/2014 Donación 0.00   E22N028 L003287 15/12/2012 Ej.1 03/02/2013 Libro